Marxism: utbhavavum vikasavum parajayavum (മാർക്സിസം ഉത്ഭവവും വികാസവും പരാജയവും) (Record no. 114735)

MARC details
000 -LEADER
fixed length control field 00646 a2200169 4500
005 - DATE AND TIME OF LATEST TRANSACTION
control field 20260107104151.0
008 - FIXED-LENGTH DATA ELEMENTS--GENERAL INFORMATION
fixed length control field 251110b |||||||| |||| 00| 0 eng d
020 ## - INTERNATIONAL STANDARD BOOK NUMBER
International Standard Book Number 9789391841195
080 ## - UNIVERSAL DECIMAL CLASSIFICATION NUMBER
Universal Decimal Classification number 335.5=M
Item number VEN/M
100 ## - MAIN ENTRY--PERSONAL NAME
Personal name Venu, K
245 ## - TITLE STATEMENT
Title Marxism: utbhavavum vikasavum parajayavum (മാർക്സിസം ഉത്ഭവവും വികാസവും പരാജയവും)
260 ## - PUBLICATION, DISTRIBUTION, ETC. (IMPRINT)
Name of publisher, distributor, etc Prism books
Place of publication, distribution, etc Bengaluru
Date of publication, distribution, etc 2023
300 ## - PHYSICAL DESCRIPTION
Extent 243p.
653 ## - INDEX TERM--UNCONTROLLED
Uncontrolled term Marxism - Political ideology - Socialism - Communism - Malayalam language
653 ## - INDEX TERM--UNCONTROLLED
Uncontrolled term Development of Marxism - Downfall of Marxism - History of Marxism
942 ## - ADDED ENTRY ELEMENTS (KOHA)
item type Books
Holdings
Lost status Source of classification or shelving scheme Not for loan Home library Current library Date acquired Cost, normal purchase price Total Checkouts Full call number Barcode Date last seen Cost, replacement price Price effective from Koha item type
  Universal Decimal Classification   University Library University Library 13/03/2025 233.35   335.5=M VEN/M 00097091 13/03/2025 350.00 13/03/2025 Books
University Library, CUSAT